<The> nature of problem solving using research to inspire 21st century learning
Uložené v:
| Ďalší autori: | , |
|---|---|
| Médium: | Kniha |
| Jazyk: | English |
| Vydavateľské údaje: |
Paris
OECD
2017
|
| Edícia: | Educational research and innovation
|
| Predmet: | |
| Tagy: |
Žiadne tagy, Buďte prvý, kto otaguje tento záznam!
|
MARC
| LEADER | 00000nam a2200000 4500 | ||
|---|---|---|---|
| 001 | 0233450 | ||
| 005 | 20240314123212.7 | ||
| 020 | |a 978-92-64-24753-6 | ||
| 041 | 0 | |a eng | |
| 044 | |a FR | ||
| 245 | 1 | 0 | |a <The> nature of problem solving |b using research to inspire 21st century learning |c edited by: Benő Csapó and Joachim Funke |
| 264 | 1 | |a Paris |b OECD |c 2017 | |
| 300 | |a 270 s. | ||
| 490 | 1 | |a Educational research and innovation | |
| 830 | 0 | |a Educational research and innovation | |
| 610 | 2 | 0 | |a vzdelávanie |
| 610 | 2 | 0 | |a kvalita vzdelávania |
| 610 | 2 | 0 | |a výskum |
| 610 | 2 | 0 | |a analýzy |
| 610 | 2 | 0 | |a problémy globálne |
| 610 | 2 | 0 | |a metódy matematické |
| 610 | 2 | 0 | |a štúdie |
| 610 | 2 | 0 | |a zručnosti |
| 610 | 2 | 0 | |a počítače |
| 610 | 2 | 0 | |a dáta |
| 610 | 2 | 0 | |a vedomosti |
| 610 | 2 | 0 | |a ekológia |
| 700 | 1 | |a Csapó, Benő | |
| 700 | 1 | |a Funke, Joachim | |